[Event "57th Biel Rapid Open"]
[Site "Biel SUI"]
[Date "2024.07.14"]
[Round "2.23"]
[White "Edoecs, Joseph"]
[Black "Arcuti, Davide"]
[Result "0-1"]
[BlackTitle "IM"]
[WhiteElo "2015"]
[BlackElo "2398"]
[WhiteFideId "1309404"]
[BlackFideId "1323725"]
[EventDate "2024.07.14"]
[EventType "swiss"]

1. e4 e5 2. Nf3 Nc6 3. Bc4 Bc5 4. b4 Bxb4 5. c3 Be7 6. O-O Nf6 7. d4 d6 8. dxe5
Nxe5 9. Nxe5 dxe5 10. Qb3 O-O 11. Rd1 Qe8 12. f3 Bc5+ 13. Kh1 Rb8 14. Ba3 Bxa3
15. Nxa3 Bd7 16. Bb5 c6 17. Be2 Qe7 18. Nc4 Rfd8 19. Qb4 c5 20. Qa5 Nh5 21. Ne3
Qh4 22. Kg1 Nf4 23. Bf1 Qg5 24. Kf2 Qh4+ 25. Kg1 Qg5 26. Kf2 Be6 27. g3 Ng6 28.
h4 Qe7 29. Nf5 Bxf5 30. exf5 Nf8 31. Bc4 b6 32. Qb5 e4 33. Bd5 e3+ 34. Ke2 Qe5
35. Qc4 Rd7 36. f4 Qxf5 37. Be4 Qg4+ 38. Bf3 Qxg3 39. Rf1 Qh2+ 40. Kxe3 Re8+ 41.
Be4 Rde7 42. Qd3 Rxe4+ 43. Qxe4 Rxe4+ 44. Kxe4 Qe2+ 45. Kd5 Qe6# 0-1

[Event "57th Biel Rapid Open"]
[Site "Biel SUI"]
[Date "2024.07.14"]
[Round "2.24"]
[White "Kersten, Uwe"]
[Black "Wilhelm, Serge"]
[Result "1-0"]
[WhiteTitle "IM"]
[WhiteElo "2186"]
[BlackElo "1916"]
[WhiteFideId "4615646"]
[BlackFideId "1305808"]
[EventDate "2024.07.14"]
[EventType "swiss"]

1. e4 c6 2. d4 d5 3. e5 Bf5 4. h4 h5 5. Bd3 Bxd3 6. Qxd3 e6 7. Bg5 Be7 8. Nf3
Nd7 9. Nbd2 Qb6 10. O-O O-O-O 11. c4 f6 12. exf6 gxf6 13. Bf4 e5 14. dxe5 Nc5
15. Qf5+ Kb8 16. exf6+ Bd6 17. f7 Qc7 18. Bxd6 Qxd6 19. fxg8=Q Rhxg8 20. Qe5
Qxe5 21. Nxe5 d4 22. b4 Ne6 23. Nd3 Rg4 24. g3 Rdg8 25. Nf3 Ng7 26. Nfe5 Re4 27.
Nd7+ 1-0

[Event "57th Biel Rapid Open"]
[Site "Biel SUI"]
[Date "2024.07.14"]
[Round "2.25"]
[White "Rait, Albert"]
[Black "Peycheva, Gergana"]
[Result "0-1"]
[BlackTitle "FM"]
[WhiteElo "1932"]
[BlackElo "2261"]
[WhiteFideId "16289161"]
[BlackFideId "2916711"]
[EventDate "2024.07.14"]
[EventType "swiss"]

1. b4 e5 2. Bb2 Bxb4 3. Bxe5 Nf6 4. c4 O-O 5. Nf3 Re8 6. e3 Nc6 7. Bb2 d5 8.
cxd5 Nxd5 9. Be2 Be7 10. O-O Bf6 11. d4 Bf5 12. Nc3 Ncb4 13. Nxd5 Nxd5 14. Rc1
c6 15. a3 Qb6 16. Ba1 Rad8 17. Nd2 h6 18. Nc4 Qc7 19. Bd3 Qd7 20. Qc2 Bxd3 21.
Qxd3 Qg4 22. Qb3 b6 23. h3 Qe6 24. Nd2 Rc8 25. Nf3 c5 26. Rfe1 cxd4 27. Nxd4
Bxd4 28. Bxd4 Nf4 29. Qxe6 Nxe6 30. Be5 Nc5 31. Bd4 Nb3 32. Rxc8 Rxc8 33. Rd1
Rd8 34. Kf1 Nxd4 35. exd4 Kf8 36. Ke2 Ke7 37. Kd3 Kd6 38. Rc1 Re8 39. a4 g6 40.
Rb1 h5 41. Rc1 Re7 42. Rb1 Rc7 43. Re1 a6 44. Rb1 Rb7 45. Kc4 Kc6 46. Re1 Kd6
47. Rb1 Kc6 48. Re1 b5+ 49. Kb4 a5+ 50. Kxa5 Ra7+ 51. Kb4 Rxa4+ 52. Kc3 Ra2 53.
Re8 Rxf2 54. g4 Rf3+ 55. Kb4 Rxh3 56. gxh5 Rxh5 57. Rf8 Rf5 58. Rc8+ Kd5 59.
Rd8+ Ke4 60. Rd7 g5 61. d5 Rxd5 62. Rxf7 g4 0-1

[Event "57th Biel Rapid Open"]
[Site "Biel SUI"]
[Date "2024.07.14"]
[Round "2.27"]
[White "Jud, Marc"]
[Black "Schlegel, Igor"]
[Result "1-0"]
[BlackTitle "FM"]
[WhiteElo "1925"]
[BlackElo "2233"]
[WhiteFideId "1309099"]
[BlackFideId "1334956"]
[EventDate "2024.07.14"]
[EventType "swiss"]

1. d4 Nf6 2. Nf3 g6 3. c4 Bg7 4. Nc3 O-O 5. g3 d6 6. Bg2 Nc6 7. O-O e5 8. dxe5
dxe5 9. Qxd8 Rxd8 10. Bg5 Be6 11. b3 e4 12. Nd2 e3 13. Nde4 exf2+ 14. Kh1 Nxe4
15. Nxe4 Bxa1 16. Bxd8 Rxd8 17. Rxa1 Nd4 18. Nxf2 c6 19. Rd1 Rd7 20. Ne4 Kg7 21.
Nc5 Rd8 22. e3 b6 23. Rxd4 Rxd4 24. exd4 bxc5 25. dxc5 Bd7 26. Kg1 Kf6 27. Kf2
Ke5 28. Ke3 a5 29. a3 g5 30. b4 axb4 31. axb4 f5 32. Bf1 f4+ 33. gxf4+ gxf4+ 34.
Kf2 Kd4 35. Kf3 Ke5 36. b5 h5 37. h3 Bf5 38. b6 Bc8 39. Be2 h4 40. Bf1 Kd4 41.
Kxf4 Kxc5 42. Kg5 Kxb6 43. Kxh4 Kc5 44. Kg3 Ba6 45. h4 Kd4 46. Kf4 Bc8 47. h5
Be6 48. h6 Bg8 49. Kg5 Ke5 50. Kg6 1-0

[Event "57th Biel Rapid Open"]
[Site "Biel SUI"]
[Date "2024.07.14"]
[Round "2.28"]
[White "Pappier, Carlos"]
[Black "Tellarini, Lorenzo"]
[Result "0-1"]
[WhiteElo "2202"]
[BlackElo "2002"]
[WhiteFideId "102598"]
[BlackFideId "28548655"]
[EventDate "2024.07.14"]
[EventType "swiss"]

1. d4 Nf6 2. c4 g6 3. Nc3 d5 4. Bg5 Ne4 5. Bh4 Nxc3 6. bxc3 dxc4 7. e4 Be6 8. d5
Bd7 9. Bxc4 Bg7 10. Ne2 O-O 11. Rb1 Na6 12. Bxa6 bxa6 13. O-O Bb5 14. Rc1 Bc4
15. Re1 c5 16. dxc6 Bh6 17. Rb1 Bd2 18. Nd4 Bxc3 19. c7 Qxd4 20. Bxe7 Rfc8 21.
Bd8 Bd3 22. Rb3 Bxe1 23. Qxe1 Rxd8 24. cxd8=Q+ Rxd8 0-1

[Event "57th Biel Rapid Open"]
[Site "Biel SUI"]
[Date "2024.07.14"]
[Round "2.29"]
[White "Bonanomi, Silvan"]
[Black "Georgescu, Lena"]
[Result "0-1"]
[BlackTitle "FM"]
[WhiteElo "1924"]
[BlackElo "2209"]
[WhiteFideId "1352644"]
[BlackFideId "1331973"]
[EventDate "2024.07.14"]
[EventType "swiss"]

1. e4 e5 2. Nf3 Nc6 3. c3 Nf6 4. d4 exd4 5. e5 Nd5 6. Qb3 Nb6 7. cxd4 d5 8. Bd3
Bg4 9. Be3 Qd7 10. Nbd2 Be7 11. O-O Bf5 12. a3 O-O 13. Qc2 Bxd3 14. Qxd3 f6 15.
b3 Qe6 16. Bf4 fxe5 17. Bxe5 Nxe5 18. Nxe5 Nd7 19. Rfe1 Nxe5 20. dxe5 Bc5 21.
Nf3 c6 22. b4 Bb6 23. Re2 h6 24. h3 Rf4 25. Raa2 Raf8 26. Kh2 g5 27. Rab2 Kg7
28. a4 g4 29. hxg4 Qxg4 30. a5 Bc7 31. Re3 Rxf3 32. gxf3 Bxe5+ 33. f4 Bxf4+ 34.
Rg3 Bxg3+ 35. fxg3 Qh5+ 36. Kg2 Qf5 37. Qd4+ Qf6 38. Qg4+ Kh7 39. Qe2 Rf7 40. a6
bxa6 41. Ra2 Re7 42. Qd3+ Qg6 43. Qd2 Qe4+ 44. Kh3 Qh1+ 45. Kg4 Rg7+ 46. Kf4
Qe4# 0-1

[Event "57th Biel Rapid Open"]
[Site "Biel SUI"]
[Date "2024.07.14"]
[Round "2.30"]
[White "Chinguun, Sumiya"]
[Black "Tkhoruk, Roman"]
[Result "1-0"]
[WhiteTitle "FM"]
[WhiteElo "2377"]
[BlackElo "1965"]
[WhiteFideId "4902572"]
[BlackFideId "34161589"]
[EventDate "2024.07.14"]
[EventType "swiss"]

1. e4 c6 2. d4 d5 3. e5 Bf5 4. h4 h5 5. Bd3 Bxd3 6. Qxd3 e6 7. Nf3 c5 8. c3 Nc6
9. O-O Be7 10. Bg5 Bxg5 11. Nxg5 cxd4 12. cxd4 Qb6 13. Rd1 Nh6 14. Nc3 Nf5 15.
Nxd5 Qd8 16. Ne3 Nxe3 17. fxe3 g6 18. Nxe6 fxe6 19. Qxg6+ Kd7 20. d5 exd5 21.
Rxd5+ Kc7 22. Rxd8 Raxd8 23. Rf1 Nxe5 24. Qg3 Rhe8 25. Rf5 Rd1+ 26. Kh2 Kd6 27.
Rxh5 Rd2 28. e4 Rd3 29. Rxe5 Rxg3 30. Rxe8 Rg4 31. Kh3 Rg7 32. h5 Kd7 33. Rf8
Ke7 34. Rf4 b5 35. g4 Ke6 36. Kh4 b4 37. Rf5 Rb7 38. h6 b3 39. axb3 Rxb3 40. h7
Rxb2 41. Rh5 1-0

[Event "57th Biel Rapid Open"]
[Site "Biel SUI"]
[Date "2024.07.14"]
[Round "2.31"]
[White "Coletta, Stephane"]
[Black "Gloeckler, Christian"]
[Result "0-1"]
[BlackTitle "FM"]
[WhiteElo "1918"]
[BlackElo "2304"]
[WhiteFideId "1309056"]
[BlackFideId "34608966"]
[EventDate "2024.07.14"]
[EventType "swiss"]

1. c4 c5 2. Nf3 Nf6 3. g3 d5 4. cxd5 Nxd5 5. Bg2 Nc6 6. Nc3 Nc7 7. O-O e5 8. e3
Be7 9. d4 exd4 10. exd4 cxd4 11. Ne2 Ne6 12. b4 a6 13. Bb2 Bf6 14. a4 d3 15.
Bxf6 dxe2 16. Bxd8 exd1=Q 17. Raxd1 Ncxd8 18. Rfe1 Nc6 19. b5 axb5 20. axb5 Ne7
21. Nd4 O-O 22. Nxe6 Bxe6 23. Bxb7 Rab8 24. Bc6 Nxc6 25. bxc6 Rfc8 26. Rd6 Rb6
27. Red1 Kf8 28. Rc1 0-1

[Event "57th Biel Rapid Open"]
[Site "Biel SUI"]
[Date "2024.07.14"]
[Round "2.32"]
[White "Nurgaliyeva, Zarina"]
[Black "Jordan, Theodor"]
[Result "0-1"]
[WhiteTitle "WFM"]
[WhiteElo "2135"]
[BlackElo "1894"]
[WhiteFideId "13730096"]
[BlackFideId "1353152"]
[EventDate "2024.07.14"]
[EventType "swiss"]

1. e4 c6 2. d4 d5 3. e5 Bf5 4. Nd2 e6 5. Nb3 Nd7 6. Nf3 h6 7. Be2 a6 8. O-O c5
9. Nxc5 Nxc5 10. dxc5 Bxc5 11. c3 Ne7 12. Nd4 Bxd4 13. cxd4 O-O 14. Bd2 Nc6 15.
Bc3 b5 16. a3 Qb6 17. g4 Be4 18. f3 Bh7 19. f4 Be4 20. Bf3 Bxf3 21. Rxf3 a5 22.
b3 f5 23. h3 Rf7 24. Kg2 Raf8 25. Qd2 Rc7 26. Rg1 b4 27. axb4 axb4 28. Ba1 Ne7
29. Kh1 Rfc8 30. Qf2 Rc1 31. Rg3 Qa7 32. g5 R8c2 33. Qf3 Qa2 34. Rg2 Rxg2 35.
Rxc1 Rc2 36. Rf1 hxg5 37. fxg5 g6 38. Qg3 Kg7 39. h4 Qa6 40. Re1 Re2 41. Rg1 Qa2
42. Qh3 Qc2 43. Rg2 Qd1+ 44. Kh2 Qxa1 45. Rxe2 Qxd4 46. Qg3 Nc6 47. Kh3 f4 48.
Qg4 Nxe5 49. Qxe6 Qd3+ 50. Kh2 Qxe2+ 51. Kh1 Qf1+ 52. Kh2 Nf3# 0-1

[Event "57th Biel Rapid Open"]
[Site "Biel SUI"]
[Date "2024.07.14"]
[Round "2.33"]
[White "Birchmeier, Martin"]
[Black "Xiao, Tong(QD)"]
[Result "0-1"]
[WhiteElo "1860"]
[BlackElo "2518"]
[WhiteFideId "1318268"]
[BlackFideId "8622388"]
[EventDate "2024.07.14"]
[EventType "swiss"]

1. d4 Nf6 2. c4 b6 3. Nc3 Bb7 4. d5 e6 5. e4 exd5 6. cxd5 Bd6 7. Bd3 O-O 8. Bg5
c6 9. f4 h6 10. Bh4 Bxf4 11. Nf3 g5 12. Ne2 Be3 13. Bg3 cxd5 14. e5 Ne4 15. Rf1
Qe7 16. a3 f5 17. exf6 Rxf6 18. Be5 Rxf3 19. Rxf3 Bd2+ 20. Kf1 Qxe5 21. Bxe4
dxe4 22. Rh3 Qf6+ 23. Kg1 e3 24. Qb3+ Qe6 25. Qd3 Be4 26. Qb5 a6 27. Qa4 b5 28.
Qd4 Nc6 29. Rxh6 Nxd4 0-1

[Event "57th Biel Rapid Open"]
[Site "Biel SUI"]
[Date "2024.07.14"]
[Round "2.37"]
[White "Roth, Martin"]
[Black "Villiger, Jan"]
[Result "0-1"]
[WhiteElo "1973"]
[BlackElo "1805"]
[WhiteFideId "1303392"]
[BlackFideId "1340891"]
[EventDate "2024.07.14"]
[EventType "swiss"]

1. e4 c5 2. Nc3 Nc6 3. g3 e6 4. Bg2 Qc7 5. d3 a6 6. f4 g6 7. Nge2 Bg7 8. O-O
Nge7 9. Be3 d6 10. Qd2 Nd4 11. Bf2 O-O 12. g4 Nxe2+ 13. Qxe2 d5 14. e5 b5 15.
Rae1 Bb7 16. Nd1 d4 17. Bg3 Bxg2 18. Qxg2 Qc6 19. Qxc6 Nxc6 20. a3 Ne7 21. Re4
Nd5 22. c3 Rfc8 23. cxd4 cxd4 24. Rxd4 Bf8 25. Re4 Rc2 26. d4 Rac8 27. Be1 R8c4
28. Rf2 Rc1 29. Rd2 Rc8 30. Kf2 b4 31. a4 b3 32. Rd3 R8c2+ 33. Kg3 Ra1 34. Bf2
Nb4 35. Rxb3 Rxd1 36. Rxb4 Bxb4 37. b3 Rd3+ 38. Re3 Rxe3+ 39. Bxe3 Rc3 0-1

[Event "57th Biel Rapid Open"]
[Site "Biel SUI"]
[Date "2024.07.14"]
[Round "2.38"]
[White "Stebahne, Olaf"]
[Black "Akhmediyar, Yernur"]
[Result "0-1"]
[WhiteElo "1897"]
[BlackElo "1751"]
[WhiteFideId "24600270"]
[BlackFideId "13732129"]
[EventDate "2024.07.14"]
[EventType "swiss"]

1. c4 c5 2. Nc3 Nc6 3. g3 g6 4. Bg2 Bg7 5. Nf3 d6 6. d3 Nf6 7. Bd2 O-O 8. O-O
Rb8 9. Rb1 a6 10. a3 b5 11. cxb5 axb5 12. Ng5 Bd7 13. b4 c4 14. Qc2 Nd4 15. Qd1
Bf5 16. e4 Bg4 17. f3 Bd7 18. dxc4 bxc4 19. Be3 Nb3 20. Nh3 Ra8 21. Ne2 Rxa3 22.
Qc2 Qc8 23. Nd4 Nxd4 24. Bxd4 Bxh3 25. Bxh3 Qxh3 26. Qxc4 Rc8 27. Qe2 Rca8 28.
Rb2 Ra1 29. Rfb1 R8a2 30. Qd1 Rxb2 31. Bxb2 Rxb1 32. Qxb1 Qd7 33. Bd4 Ne8 34.
Bxg7 Kxg7 35. Qb2+ f6 36. Kg2 Qb5 37. Qd2 Nc7 38. Kf2 Na6 39. Qd4 Qxb4 40. Qa7
Qc5+ 41. Qxc5 Nxc5 42. Ke2 Kf7 43. Ke3 e5 44. f4 Ke6 45. h4 d5 46. exd5+ Kxd5
47. g4 e4 0-1

[Event "57th Biel Rapid Open"]
[Site "Biel SUI"]
[Date "2024.07.14"]
[Round "2.39"]
[White "Bachmann, Daniel"]
[Black "Kheerthi, Ganta"]
[Result "0-1"]
[BlackTitle "WFM"]
[WhiteElo "1713"]
[BlackElo "1918"]
[WhiteFideId "1357492"]
[BlackFideId "25626280"]
[EventDate "2024.07.14"]
[EventType "swiss"]

1. e4 e5 2. Nc3 Nf6 3. f4 d6 4. Nf3 Nc6 5. Bb5 exf4 6. d4 Bd7 7. Bxf4 Be7 8. d5
Nb8 9. Bd3 Bg4 10. O-O Nbd7 11. h3 Bh5 12. Qe1 O-O 13. Qg3 Bg6 14. Qf2 Nc5 15.
Rae1 a5 16. Nd4 Nh5 17. Nf5 Nxf4 18. Qxf4 Bf6 19. Nd1 Nd7 20. Nde3 Bxb2 21. Ng4
Be5 22. Nxe5 Nxe5 23. Re3 Bxf5 24. exf5 f6 25. Rg3 Qd7 26. Re1 Rae8 27. Qh6 Nf3+
28. gxf3 Rxe1+ 29. Kf2 Re5 30. Bb5 Qe7 31. Qh5 Kh8 32. Rg4 Re1 33. Rh4 Qe3+ 34.
Kg2 Qg1# 0-1

[Event "57th Biel Rapid Open"]
[Site "Biel SUI"]
[Date "2024.07.14"]
[Round "2.42"]
[White "Gillieron, Kevin (13882)"]
[Black "Tcheau, Alain"]
[Result "0-1"]
[WhiteElo "1759"]
[BlackElo "1991"]
[WhiteFideId "1357778"]
[BlackFideId "1306014"]
[EventDate "2024.07.14"]
[EventType "swiss"]

1. d4 e6 2. Bf4 d5 3. e3 Bd6 4. Nf3 Bxf4 5. exf4 Qd6 6. g3 Qb4+ 7. Nbd2 Qxb2 8.
Rb1 Qa3 9. Bb5+ c6 10. Bd3 Qe7 11. O-O Nf6 12. Ne5 O-O 13. h4 Nfd7 14. Qh5 h6
15. Ng4 Nf6 16. Nxh6+ gxh6 17. Qxh6 Ne4 18. Nxe4 dxe4 19. Bxe4 f5 20. Bd3 Rf6
21. Qg5+ Qg7 22. Qh5 Rg6 23. Qf3 Nd7 24. Bc4 Nf6 25. Rbe1 Ne4 26. Rxe4 fxe4 27.
Qe3 b5 28. Bb3 Kh8 29. Kh2 a5 30. c3 Bb7 31. Qxe4 c5 32. d5 c4 33. Bc2 Rg8 34.
Qf3 Bxd5 35. Qh5+ Rh6 36. Qg5 Qxg5 37. fxg5 Rxg5 38. Kg1 Rxh4 39. f3 Rxg3+ 40.
Kf2 Rxf3+ 0-1

[Event "57th Biel Rapid Open"]
[Site "Biel SUI"]
[Date "2024.07.14"]
[Round "2.43"]
[White "Arulanantham, Aneet"]
[Black "Boyer, Jean-Francois"]
[Result "1-0"]
[WhiteElo "1954"]
[BlackElo "1742"]
[WhiteFideId "1335189"]
[BlackFideId "650226"]
[EventDate "2024.07.14"]
[EventType "swiss"]

1. d4 d5 2. c4 c6 3. Nc3 Nf6 4. e3 e6 5. Nf3 Nbd7 6. Be2 dxc4 7. a4 Bb4 8. Bxc4
Ne4 9. Qc2 Ndf6 10. O-O Nxc3 11. bxc3 Be7 12. e4 Qa5 13. Re1 b5 14. Bd3 h6 15.
Bd2 Qb6 16. Reb1 Bd7 17. Ne5 O-O 18. axb5 c5 19. Ra6 Qb7 20. Nxd7 Nxd7 21. Rba1
Rfc8 22. Qb1 cxd4 23. cxd4 e5 24. Qa2 exd4 25. Rxa7 Rxa7 26. Qxa7 Rc7 27. Qa8+
Qxa8 28. Rxa8+ Kh7 29. Kf1 Nc5 30. Ke2 g6 31. Bf4 Rb7 32. Bc4 Kg7 33. f3 f6 34.
Rb8 Rxb8 35. Bxb8 Bd8 36. Ba7 Na4 37. Bxd4 Bb6 38. Kd3 Bxd4 39. Kxd4 Kf8 40. Kd5
Ke7 41. Kc6 Kd8 42. Be6 1-0

[Event "57th Biel Rapid Open"]
[Site "Biel SUI"]
[Date "2024.07.14"]
[Round "2.44"]
[White "Caduff, Simon"]
[Black "Ranieri, Pierpaolo"]
[Result "0-1"]
[WhiteElo "1694"]
[BlackElo "1909"]
[WhiteFideId "1351311"]
[BlackFideId "893986"]
[EventDate "2024.07.14"]
[EventType "swiss"]

1. e4 d5 2. exd5 Qxd5 3. Nc3 Qd6 4. Bc4 Nf6 5. Nf3 a6 6. d3 b5 7. Bb3 Bb7 8. Qe2
Nbd7 9. a3 e6 10. Bg5 Be7 11. h3 h6 12. Bh4 Nb6 13. Bg3 Qd8 14. O-O O-O 15. Rad1
Nbd5 16. Ne4 b4 17. a4 a5 18. Nfd2 Qd7 19. Nc4 Nb6 20. Nxb6 cxb6 21. Rfe1 Bc6
22. Ra1 Qd4 23. c3 bxc3 24. bxc3 Qd7 25. Nxf6+ Bxf6 26. d4 Rac8 27. Rec1 Rfd8
28. Qa6 Qb7 29. Qf1 Be7 30. f3 Bd6 31. Bxd6 Rxd6 32. Qd3 Qd7 33. Bc2 g6 34. h4
Bd5 35. Qe3 Kg7 36. Qe5+ f6 37. Qe3 h5 38. Rab1 Bc4 39. Qe4 f5 40. Qe5+ Kf7 41.
Re1 Rd5 42. Qxe6+ Qxe6 0-1

[Event "57th Biel Rapid Open"]
[Site "Biel SUI"]
[Date "2024.07.14"]
[Round "2.46"]
[White "Coletta, Julien"]
[Black "Hauser, Armando"]
[Result "1-0"]
[WhiteElo "1778"]
[BlackElo "1840"]
[WhiteFideId "1342223"]
[BlackFideId "1340514"]
[EventDate "2024.07.14"]
[EventType "swiss"]

1. e4 e5 2. Nf3 Nc6 3. Bc4 Bc5 4. c3 Nf6 5. d3 O-O 6. O-O d6 7. Bb3 a6 8. Bc2
Be6 9. d4 exd4 10. cxd4 Bc4 11. dxc5 Bxf1 12. Qxf1 dxc5 13. Nc3 Nd4 14. Qd3 Nxc2
15. Qxc2 Re8 16. Bg5 h6 17. Rd1 Qc8 18. Bxf6 gxf6 19. Nd5 Kg7 20. Qxc5 Rxe4 21.
Ne7 Qe6 22. Nf5+ Kh7 23. Ng3 Rc4 24. Qh5 Rg8 25. Nf5 Rg6 26. N3h4 Re4 27. Rf1
Re1 28. Nxg6 Rxf1+ 29. Kxf1 Qc4+ 30. Qe2 Qc1+ 31. Qe1 Qc4+ 32. Kg1 fxg6 33. Qe7+ 1-0

[Event "57th Biel Rapid Open"]
[Site "Biel SUI"]
[Date "2024.07.14"]
[Round "2.47"]
[White "Farhat Willemstein, Stela Souza"]
[Black "Rajendiram, Rajithan"]
[Result "1/2-1/2"]
[WhiteTitle "WFM"]
[WhiteElo "1863"]
[BlackElo "1560"]
[WhiteFideId "2109808"]
[BlackFideId "1341987"]
[EventDate "2024.07.14"]
[EventType "swiss"]

1. Nf3 d5 2. g3 Nc6 3. d4 g6 4. Bg2 Bg7 5. O-O Nf6 6. Bg5 O-O 7. Qc1 Bf5 8. c3
Ne4 9. Bh6 Qd7 10. Bxg7 Kxg7 11. Ng5 Nf6 12. Qf4 Rfe8 13. Rd1 h6 14. Nf3 Nh5 15.
Qc1 e5 16. dxe5 Nxe5 17. Nxe5 Rxe5 18. e3 Nf6 19. Nd2 c6 20. Nf3 Re7 21. c4 Rd8
22. cxd5 cxd5 23. Nd4 Be6 24. Qd2 Qd6 25. Qa5 a6 26. a3 Red7 27. Rac1 1/2-1/2

[Event "57th Biel Rapid Open"]
[Site "Biel SUI"]
[Date "2024.07.14"]
[Round "2.48"]
[White "Ademi, Rexhe"]
[Black "Mutter, Kevin"]
[Result "0-1"]
[WhiteElo "1635"]
[BlackElo "1856"]
[WhiteFideId "1350366"]
[BlackFideId "1327240"]
[EventDate "2024.07.14"]
[EventType "swiss"]

1. Nf3 c5 2. d3 Nc6 3. g3 Nf6 4. Bg2 g6 5. O-O Bg7 6. c3 d5 7. Bg5 O-O 8. Nbd2
e5 9. e4 d4 10. cxd4 cxd4 11. Qb3 Qe7 12. Rac1 h6 13. Bxf6 Bxf6 14. Nc4 Re8 15.
Qa4 Qb4 16. Qxb4 Nxb4 17. Nd6 Rd8 18. Nxc8 Raxc8 19. Rxc8 Rxc8 20. Rd1 Rc2 21.
Rd2 Rc1+ 22. Bf1 Nxa2 23. b3 Nc3 24. Rb2 Kf8 25. Nd2 b5 26. b4 Be7 27. Kg2 Ra1
28. Nb3 Ra2 29. Rxa2 Nxa2 30. Nc5 Nxb4 31. Nd7+ Ke8 32. Nxe5 a5 33. Kf3 a4 34.
Bh3 a3 35. Bd7+ Kd8 36. Bxb5 a2 37. Nxf7+ Kc7 38. Bc4 a1=Q 39. Nxh6 Qd1+ 40. Kf4
Qd2+ 41. Ke5 Qxh6 42. Kxd4 Qd2 43. f4 Nc2+ 44. Ke5 Qc3+ 45. Ke6 Qf6+ 46. Kd5
Qd6# 0-1

[Event "57th Biel Rapid Open"]
[Site "Biel SUI"]
[Date "2024.07.14"]
[Round "2.49"]
[White "Schaefer, Gion"]
[Black "Materia, Mario"]
[Result "0-1"]
[WhiteElo "1848"]
[BlackElo "1590"]
[WhiteFideId "1362097"]
[BlackFideId "651082241"]
[EventDate "2024.07.14"]
[EventType "swiss"]

1. d4 d5 2. c4 e6 3. Nc3 Nf6 4. g3 Be7 5. Bg2 O-O 6. e3 c6 7. cxd5 cxd5 8. Nge2
Nc6 9. O-O Qc7 10. a4 b6 11. Nb5 Qb8 12. Bd2 a6 13. Nbc3 Bb7 14. h4 Bd6 15. Nf4
Qc7 16. Rc1 Rad8 17. h5 Rfe8 18. h6 g6 19. Qf3 Bf8 20. Nxg6 hxg6 21. Qxf6 Bxh6
22. Rfe1 Bg7 23. Qh4 Qb8 24. Bf1 e5 25. dxe5 Nxe5 26. Be2 Qd6 27. f4 Nc4 28.
Bxc4 dxc4 29. Red1 Qc6 30. Qh2 b5 31. axb5 axb5 32. Ne2 Qb6 33. Kf2 Bxb2 34. Rc2
Bg7 35. Rh1 Bxh1 36. Qxh1 Qe6 37. Qb7 Rxd2 38. Rxd2 Qxe3+ 39. Ke1 Qg1# 0-1

[Event "57th Biel Rapid Open"]
[Site "Biel SUI"]
[Date "2024.07.14"]
[Round "2.51"]
[White "Mani, Thomas"]
[Black "Trubini, Timon"]
[Result "1-0"]
[WhiteElo "1839"]
[BlackElo "1693"]
[WhiteFideId "1326783"]
[BlackFideId "1347799"]
[EventDate "2024.07.14"]
[EventType "swiss"]

1. d4 Nf6 2. Nf3 g6 3. c4 Bg7 4. Nc3 O-O 5. e4 d6 6. h3 Nbd7 7. Be2 e5 8. O-O
Re8 9. d5 Nc5 10. Qc2 Rf8 11. Be3 b6 12. b4 Na6 13. a3 Ne8 14. Qa4 f5 15. Bg5
Nf6 16. c5 Nb8 17. cxd6 cxd6 18. Rac1 Bd7 19. Qc2 h6 20. Bxf6 Bxf6 21. Nb5 fxe4
22. Qxe4 Bf5 23. Qe3 e4 24. Nd2 1-0

[Event "57th Biel Rapid Open"]
[Site "Biel SUI"]
[Date "2024.07.14"]
[Round "2.52"]
[White "Wolffs, Walter"]
[Black "Jaggy, Enzo"]
[Result "1-0"]
[WhiteElo "1554"]
[BlackElo "1835"]
[WhiteFideId "3213994"]
[BlackFideId "1344919"]
[EventDate "2024.07.14"]
[EventType "swiss"]

1. e4 e6 2. d3 d5 3. Nd2 Nf6 4. g3 Bb4 5. c3 Ba5 6. Bg2 O-O 7. Ngf3 c6 8. e5
Nfd7 9. O-O c5 10. Re1 Nc6 11. Nf1 h6 12. h4 Bc7 13. Bf4 Re8 14. N1h2 f5 15. g4
Rf8 16. gxf5 Rxf5 17. Bg3 Qe7 18. Bh3 Rxe5 19. Nxe5 Ndxe5 20. d4 cxd4 21. cxd4
Nc4 22. Bxc7 Qxc7 23. Bxe6+ Bxe6 24. Rxe6 Nxb2 25. Qf3 Nxd4 26. Qxd5 Nxe6 27.
Qxe6+ Kh8 28. Ng4 Qc6 29. Qe5 Nd3 30. Qf5 Nb4 31. Ne5 Qf6 32. Nf7+ Kg8 33. Qxf6
gxf6 34. Nxh6+ Kg7 35. Nf5+ Kg6 36. Ng3 b6 37. a3 Nc2 38. Ra2 Rc8 39. Kg2 Rc3
40. a4 Ne3+ 41. fxe3 1-0

[Event "57th Biel Rapid Open"]
[Site "Biel SUI"]
[Date "2024.07.14"]
[Round "2.54"]
[White "Schaer, Bryan"]
[Black "Mkrtchyan, Anahit D."]
[Result "0-1"]
[WhiteElo "1803"]
[BlackElo "1831"]
[WhiteFideId "1356127"]
[BlackFideId "13307533"]
[EventDate "2024.07.14"]
[EventType "swiss"]

1. e4 c6 2. Nc3 d5 3. Nf3 dxe4 4. Nxe4 Nf6 5. Qe2 Nxe4 6. Qxe4 e6 7. d4 Be7 8.
Bd3 Nd7 9. O-O Nf6 10. Qh4 Bd7 11. Bg5 h6 12. Ne5 Qc7 13. Bf4 Qb6 14. Rab1 Rf8
15. Be3 O-O-O 16. Qg3 g5 17. d5 Qc7 18. dxc6 Bxc6 19. Nxc6 Qxc6 20. Bxa7 Bd6 21.
Qh3 g4 22. Qe3 Nd5 23. Qe4 Qc7 24. g3 h5 25. Rfe1 h4 26. a4 hxg3 27. fxg3 Rh8
28. c4 Nb4 29. Red1 Bxg3 30. hxg3 Qxg3+ 31. Qg2 Qxg2+ 32. Kxg2 Nxd3 33. Kg3 f5
34. Rd2 Rhg8 35. Rbd1 f4+ 36. Kg2 f3+ 37. Kg3 Ne5 38. Rxd8+ Rxd8 39. Rxd8+ Kxd8
40. Bd4 Nxc4 41. Kxg4 e5 42. Bc3 f2 0-1

[Event "57th Biel Rapid Open"]
[Site "Biel SUI"]
[Date "2024.07.14"]
[Round "2.55"]
[White "Paholok, Igor"]
[Black "Fernandez Van Raap, Marcela"]
[Result "1-0"]
[WhiteElo "1801"]
[BlackElo "1613"]
[WhiteFideId "1338951"]
[BlackFideId "3021068"]
[EventDate "2024.07.14"]
[EventType "swiss"]

1. d4 Nf6 2. Nf3 g6 3. e3 Bg7 4. Bd3 d6 5. c3 O-O 6. Nbd2 Nbd7 7. e4 e5 8. d5
Nc5 9. Bc2 Bg4 10. b4 Na6 11. h3 Bd7 12. Nf1 Ne8 13. Ng3 c5 14. a3 cxb4 15. axb4
Nac7 16. c4 b6 17. Bg5 f6 18. Bd2 Qc8 19. Ba4 b5 20. cxb5 Nxb5 21. O-O Rf7 22.
Qe2 Qb7 23. Rfc1 Nec7 24. Nf1 f5 25. Bb3 fxe4 26. Qxe4 Bf5 27. Qc4 e4 28. Ng5
Re7 29. Ra2 Rc8 30. Qc6 Qxc6 31. dxc6+ Kh8 32. Nf7+ Rxf7 33. Bxf7 Nd4 34. Be3 a6
35. g4 Nf3+ 36. Kg2 1-0